000 00991nam a22003257a 4500
001 0024934
003 KOHA_MİRAKIL
005 20260207002453.0
007 ta
008 101126b2003 tu |||gr||||#0|||1|tur |
020 _a0194230252
040 _aTR-BiSEU
_btur
_cTR-BiSEU
_erda
041 0 _atur
044 _ctu
050 _aPE1128.H73
_bI54 2003
100 1 _aHardy, Thomas.
245 1 4 _aThe three strangers :
_band other stories/
_cThomas Hardy ; Thomas Hardy .
250 _a Simplified ed.
264 1 _aOxford :
_bOxford University Press
_c2003
300 _a72 page:illustretions; 20 cm.
336 _ametin
_btxt
_2rdacontent
337 _aaracısız
_bn
_2rdamedia
338 _acilt
_bnc
_2rdacarrier
650 0 _aOkuma kitapları (Orta düzey).
_950696
650 0 _aReaders (Secondary).
_950697
650 0 _aİngiliz dili--Çalışma ve öğretim.
_931747
650 0 _aEnglish language--Study and teaching.
_940817
907 _aDil
942 _2lcc
_cBK
999 _c24884
_d24884